Empreses amb participació dels treballadors : cooperatives i societats anònimes laborals : desenvolupament, configuració jurídica, tractament fiscal, finançament, subvencions / Emili Torrente i Riqué cooperatives i societats anònimes laborals :
Publicado:
Barcelona :
Generalitat de Catalunya, Institut per a la Promoció i la Formació Cooperatives ,
1994
Descripción Física:
119 p. ; 24 cm
MARC
| LEADER | 00000nam a2200000Ia 4500 | ||
|---|---|---|---|
| 001 | 10796 | ||
| 003 | BGR | ||
| 005 | 20260324175418.0 | ||
| 008 | 160829s1994 xx 000 0 cat d | ||
| 080 | |a M-2-50 | ||
| 100 | |a Torrente i Riqué, Emili |9 32461 | ||
| 245 | |a Empreses amb participació dels treballadors : |b cooperatives i societats anònimes laborals : |b desenvolupament, configuració jurídica, tractament fiscal, finançament, subvencions / Emili Torrente i Riqué | ||
| 260 | |a Barcelona : |b Generalitat de Catalunya, Institut per a la Promoció i la Formació Cooperatives, |c 1994 | ||
| 300 | |a 119 p. ; |c 24 cm | ||
| 650 | |a Societats anònimes |9 32462 | ||
| 650 | |a Cooperatives de treball associat |9 32463 | ||
| 710 | |a Institut per a la Promoció i la Formació Cooperatives (Barcelona) |9 2832 | ||
| 901 | |a Arxiu | ||
| 942 | |n 1 |2 udc |c MON | ||
| 952 | |0 0 |1 0 |4 0 |6 M250 |7 1 |9 45991 |a Arxiu |b Arxiu |d 2016-12-01 |l 0 |o M-2-50 |p 10796 |r 2016-12-01 00:00:00 |w 2016-12-01 |y ARXIU | ||
| 999 | |c 49492 |d 49492 | ||